Statistics for American History X Director, Characters, Quotes And Main Events

Click here to take the quiz!

General Stats

  • This quiz has been taken 13 times
  • The average score is 8 of 29

Answer Stats

HintAnswer% Correct
"That Means "Not Welcome".Derek Vinyard
75%
The Main Character Who Is Played By Edward NortonDerek Vinyard
75%
"I'm Thinking The Only Reason I'm Getting Outta Here In One Piece Is You"Derek Vinyard
75%
"Hate Is Baggage"Danny Vinyard
67%
"So If You Can't Top It Steal From Them And Go Out Strong"Danny Vinyard
67%
"People Look At Me And See My Brother."Danny Vinyard
67%
The Main Character's Brother Who Is Played By Edward FurlongDanny Vinyard
67%
"Ok, I Believe In Death, Destruction, Chaos, Filth, and Greed!"Danny Vinyard
67%
The Director Who Was Responsible For Creating This FilmTony Kaye
58%
The Main Character's Sister Who Is Played By Jennifer LienDavina Vinyard
25%
The Main Character's Girlfriend Who Is Played By Fairuza BalkStacey
25%
The Main Character's Mother Who Is Played By Beverley D'AngeloDoris Vinyard
17%
"I'm Ashamed That You Came Out Of My Body!"Doris Vinyard
17%
You Think You're The Only One Doin' Time, Derek? You Think You're Here All Alone? You Think I'm Not In Here With You?Doris Vinyard
17%
When Was The Film Released In America?30/10/1998
8%
The Average Rating Of American History X On IMDB8.6
8%
Number 4 And 5's Father Who Is Shot And Is Played By William RussDennis Vinyard
8%
"Has Anything You've Done Made Your Life Better"?Dr. Bob Sweeney
8%
"This Racist Propaganda, This "Mein Kampf" Psychobabble; He Learned This Nonsense, Murray, And He Can Unlearn It Too. I Will Not Give Up On This Child Yet."Dr. Bob Sweeney
8%
The Main Character's Teacher At High School Who Monitors His Case And Asks Number 5 To Hand In A Paper Called American History X By Tomorrow Morning And Is Played By Avery BrooksDr. Bob Sweeney
8%
The Main Character's Friend Who Sings The White Man Marches On And Is Played By Ethan SupleeSeth Ryan
8%
When Was The Film Released In The UK?26/03/1999
0%
What Tattoo Does The Main Character Have On His Chest?A Swastika
0%
The Man Who Hires The Main Character And Is Played By Stacy KeachCameron Alexander
0%
How Does The Main Character's Brother At The End Of The Film Die?Gunshot
0%
The Guy Who The Main Character Meets In Prison And Helps Him Change His Ways Who Is Played By Guy TorryLamont
0%
Number 6's Partner After The Main Character's Father Was Killed Until He Leaves The Household And Is Played By Elliot GouldMurray
0%
What Job Title Does Number 10 Have?Principle At Venice Beach High School
0%
What Is The Main Themes Of The Film?Racism And Family
0%

Score Distribution

Percentile by Number Answered

Percent of People with Each Score

Your Score History

You have not taken this quiz